=LDR 00000nam 2200000 4500 =001 INLIS000000000051842 =005 20180110090910 =035 ##$$a 0010-0118000030 =007 ta =008 180110###########################0###### =020 ##$$a 978-602-6466-38-9 =082 ##$$a 959.83 =084 ##$$a 959.83 OWE s =100 #$$a Owen Rutter =245 1#$$a Sejarah Kalimantan=British North Borneo /$c Owen Rutter =260 ##$$a Yogyakarta :$b Indoliterasi,$c 2017 =300 ##$$a iii, 512 hlm : $b ilus. ; $c 23 cm =500 ##$$a Judul Asli : Britsh North Borneo =500 ##$$a Biografi : hlm. 512 =650 ##$$a Sejarah Kalimantan =700 #$$a Penerjemah, Sutrisno =990 ##$$a 01760176 =990 ##$$a 01760176 =990 ##$$a 01760176 =990 ##$$a 01760176 =990 ##$$a 01760176 =990 ##$$a 21707446 =990 ##$$a 01201800176 =990 ##$$a 01201800177 =990 ##$$a 01201800178 =990 ##$$a 01201800179 =990 ##$$a 21707447 =990 ##$$a 01201800176 =990 ##$$a 01201800177 =990 ##$$a 01201800178 =990 ##$$a 21707446 =990 ##$$a 21707448 =990 ##$$a 01201800176 =990 ##$$a 01201800177 =990 ##$$a 21707447 =990 ##$$a 21707446 =990 ##$$a 21707449 =990 ##$$a 01201800176 =990 ##$$a 21707448 =990 ##$$a 21707447 =990 ##$$a 21707446 =990 ##$$a 21707450 =990 ##$$a 21707449 =990 ##$$a 21707448 =990 ##$$a 21707447 =990 ##$$a 21707446